| 000 | 01816nam a2200481 i 4500 | ||
|---|---|---|---|
| 001 | 44733 | ||
| 003 | KOSZ 005 | ||
| 005 | 20230119143716.0 | ||
| 008 | 040129s2003 pl a f |000 0 pol | ||
| 015 | _aPB 2006/22776 | ||
| 020 | _a8371992718 | ||
| 035 | _a(OCoLC)749447438 | ||
| 040 |
_aWA N _cWA N _dKOSZ 005/HR |
||
| 046 | _k2003 | ||
| 080 | _a004.42 | ||
| 080 | _a004.92 | ||
| 080 | _a(075.8) | ||
| 100 | 1 |
_aKoper, Marcin. _eAutor |
|
| 245 | 0 | 0 |
_aModelowanie bryłowe w systemie Unigraphics : _blaboratorium / _cMarcin Koper, Mariusz Mucha. |
| 260 |
_aRzeszów : _bOficyna Wydawnicza Politechniki Rzeszowskiej, _c2003. |
||
| 300 |
_a150, [1] s. : _bil. ; _c24 cm. |
||
| 336 |
_2rdacontent _aTekst _btxt |
||
| 337 |
_2rdamedia _aBez urządzenia pośredniczącego _bn |
||
| 338 |
_2rdacarrier _aWolumin _bnc |
||
| 380 | _aKsiążki | ||
| 380 | _aPublikacje dydaktyczne | ||
| 385 |
_mPoziom nauczania _aSzkoły wyższe |
||
| 388 | _a2001- | ||
| 504 | _aBibliogr s. [151]. | ||
| 521 | 8 | _aSkrypt uczelniany dla Wydziału Budowy Maszyn i Lotnictwa do ćwiczeń laboratoryjnych z przedmiotów: Komputerowe wspomaganie wytwarzania, Systemy CAD/CAM, Systemy CAD/NC, CAD/CAM. | |
| 650 | 4 | _aProgramy graficzne | |
| 650 | 4 | _aProjektowanie wspomagane komputerowo | |
| 650 | 4 | _aKomputerowe wspomaganie wytwarzania | |
| 655 | 4 | _aPodręczniki akademickie | |
| 655 | 4 | _aRysunek techniczny | |
| 658 | _aInformatyka i technologie informacyjne | ||
| 658 | _aInżynieria i technika | ||
| 650 | 4 | _aUnigraphics | |
| 700 | 1 |
_aMucha, Mariusz. _eAutor |
|
| 710 | 2 |
_aOficyna Wydawnicza Politechniki Rzeszowskiej. _4pbl. |
|
| 856 |
_uhttp://koha.tu.koszalin.pl/cgi-bin/koha/opac-detail.pl?biblionumber=44733 _yKatalog online BPK |
||
| 942 |
_2UKD _cKS |
||
| 999 |
_c44733 _d44733 |
||